Statistics for Do you really know ilo?

Click here to take the quiz!

General Stats

  • This quiz has been taken 7 times
  • The average score is 9 of 24

Answer Stats

QuestionsAnswer% Correct
Favorite colorDark green / orange
100%
Favorite marvel characterBucky / Iron Man
60%
First petDog
60%
Astrological signVirgo
60%
Birth date23 august 2003
40%
Mom's nameCaroline
40%
Favorite LT albumFaith In The Future
40%
Favorite 1D albumFour / Made in the AM
40%
Favorite singerHarry Styles / Louis Tomlinson
40%
Dream travelHighlands / Scotland
40%
Favorite HS albumHS1
40%
Favorite ship in this bandLarry
40%
Where do i want to liveManchester
40%
Favorite friendship in this bandNarry
40%
Favorite bandOne Direction
40%
My middle namesOthilie Maïliss
40%
Favorite movie10 things I hate about you
20%
Her nameAssia
20%
Places i've livedChampagne Ardennes / Auvergne / Toulouse
20%
Favorite french singerChristophe Maé
20%
Comfort moviePitch perfect / Pride and Prejudice
20%
1st song of 2022Sign of the times
20%
Where was I bornTroyes
20%
Favorite marvel movieWinter soldier / Ragnarok
20%

Score Distribution

Percentile by Number Answered

Percent of People with Each Score

Your Score History

You have not taken this quiz